Useful farming practices
The handbook reviewed the chapters on rice culture, upland crop culture, vegetable and fruit tree culture of farming techniques from India to Japan.
সংরক্ষণ করুন:
| সংস্থা লেখক: | |
|---|---|
| বিন্যাস: | গ্রন্থ |
| ভাষা: | Undetermined |
| প্রকাশিত: |
Tokyo
Association for International Cooperation of Agriculture & Forestry (AICAF)
1992
|
| বিষয়গুলি: | |
| ট্যাগগুলো: |
ট্যাগ যুক্ত করুন
কোনো ট্যাগ নেই, প্রথমজন হিসাবে ট্যাগ করুন!
|
| Thư viện lưu trữ: | Trung tâm Học liệu Trường Đại học Cần Thơ |
|---|
| LEADER | 00872nam a2200205Ia 4500 | ||
|---|---|---|---|
| 001 | CTU_138491 | ||
| 008 | 210402s9999 xx 000 0 und d | ||
| 082 | |a 630 | ||
| 082 | |b A849 | ||
| 110 | |a Association for International Cooperation of Agriculture & Forestry (AICAF) | ||
| 245 | 0 | |a Useful farming practices | |
| 245 | 0 | |c Association for International Cooperation of Agriculture & Forestry (AICAF) | |
| 260 | |a Tokyo | ||
| 260 | |b Association for International Cooperation of Agriculture & Forestry (AICAF) | ||
| 260 | |c 1992 | ||
| 520 | |a The handbook reviewed the chapters on rice culture, upland crop culture, vegetable and fruit tree culture of farming techniques from India to Japan. | ||
| 650 | |a Agriculture,Nông nghiệp | ||
| 650 | |x Research,Nghiên cứu | ||
| 904 | |i Trọng Hiếu | ||
| 980 | |a Trung tâm Học liệu Trường Đại học Cần Thơ | ||